[Event "TCh-TUR 2nd League 2011"]
[Site "Konya TUR"]
[Date "2011.07.06"]
[Round "3"]
[White "Yildiz, Betul Cemre"]
[Black "Gurcan, Aytolun"]
[Result "1-0"]
[WhiteTitle "WIM"]
[WhiteElo "2282"]
[BlackElo "1673"]
[WhiteTeam "Antalya Calli Antalya"]
[BlackTeam "Erbakir Denizli"]
[WhiteFideId "6302920"]
[BlackFideId "6325688"]
[EventDate "2011.07.04"]

1. e4 c5 2. Nf3 Nc6 3. Bb5 g6 4. O-O Bg7 5. Re1 Nf6 6. c3 O-O 7. h3 Qc7 8. e5
Nd5 9. d4 cxd4 10. cxd4 d6 11. exd6 Qxd6 12. Nc3 e6 13. Ne4 Qc7 14. Be3 Bd7 15.
Nc5 a6 16. Ba4 h6 17. Rc1 Rfd8 18. Nxd7 Rxd7 19. Bxc6 bxc6 20. Qa4 Qb7 21. Rxc6
Qxb2 22. Rxa6 Rxa6 23. Qxa6 Rc7 24. a4 Rc2 25. Qf1 Nxe3 26. fxe3 Qa3 27. Qa6 Qa2
28. Qa8+ Kh7 29. Nh2 Rc4 30. Qe8 Rc2 31. Qa8 Rc4 32. a5 Ra4 33. Qe8 f5 34. Nf3
Rxa5 35. Ne5 Bxe5 36. dxe5 Ra7 37. Rd1 Rg7 38. Rd8 Qa1+ 39. Kf2 Qb2+ 40. Kf3
Qb7+ 41. Kg3 g5 42. Qxe6 f4+ 43. Kh2 Qf7 44. Qxf7 Rxf7 45. e6 Re7 46. Rd7 fxe3
47. Rxe7+ Kg6 48. Kg3 1-0

[Event "TCh-TUR 2nd League 2011"]
[Site "Konya TUR"]
[Date "2011.07.06"]
[Round "3"]
[White "Ziaziulkina, Nastassia"]
[Black "Firat, Burak"]
[Result "1/2-1/2"]
[WhiteTitle "WIM"]
[BlackTitle "IM"]
[WhiteElo "2291"]
[BlackElo "2373"]
[WhiteTeam "Erbakir Denizli"]
[BlackTeam "Antalya Calli Antalya"]
[WhiteFideId "13505211"]
[BlackFideId "6305881"]
[EventDate "2011.07.04"]

1. e4 e6 2. d4 d5 3. Nc3 Nf6 4. e5 Nfd7 5. f4 c5 6. Nf3 Nc6 7. Be3 Be7 8. Be2
O-O 9. O-O a6 10. Qd2 b5 11. a3 Bb7 12. Nd1 cxd4 13. Nxd4 Qc7 14. Nf2 Rac8 15.
c3 Nc5 16. Qc2 Rfd8 17. Rad1 Ne4 18. Bd3 Nxd4 19. Bxd4 Bc5 20. Qe2 Bxd4 21. cxd4
Qb6 22. Qh5 g6 23. Qh4 h5 24. Qe7 Re8 25. Qb4 Bc6 26. Qe1 Red8 27. Qe3 Bb7 28.
g4 Nxf2 29. Kxf2 hxg4 30. Rg1 Kf8 31. Rxg4 Ke7 32. Rh4 Rh8 33. Rxh8 Rxh8 34. Kg2
Rc8 35. Rc1 Rxc1 36. Qxc1 Qxd4 37. Qc7+ Kf8 38. Qd8+ Kg7 39. Qf6+ Kg8 40. Qd8+
Kh7 41. Qh4+ Kg8 42. Qd8+ 1/2-1/2

[Event "TCh-TUR 2nd League 2011"]
[Site "Konya TUR"]
[Date "2011.07.06"]
[Round "3"]
[White "Cemhan, Kardelen"]
[Black "Durmaz, Ayca Fatma"]
[Result "1-0"]
[WhiteElo "1815"]
[BlackElo "1825"]
[WhiteTeam "Erbakir Denizli"]
[BlackTeam "Antalya Calli Antalya"]
[WhiteFideId "6325670"]
[BlackFideId "6317855"]
[EventDate "2011.07.04"]

1. e4 c5 2. Nf3 d6 3. d4 cxd4 4. Nxd4 Nf6 5. Nc3 a6 6. g3 e6 7. Bg2 Be7 8. O-O
Qc7 9. a4 Nc6 10. Nb3 O-O 11. f4 Bd7 12. g4 b5 13. g5 Ne8 14. axb5 Qb6+ 15. Kh1
Na7 16. bxa6 Nb5 17. Rf3 Rxa6 18. Rxa6 Qxa6 19. Nxb5 Qxb5 20. Nd4 Qa5 21. Ra3
Qb6 22. Rb3 Qa6 23. Qh5 Qa5 24. Qe2 Nc7 25. Be3 d5 26. Rb7 Bc8 27. Nb3 Qa8 28.
Rxc7 Bd6 29. Ra7 Qc6 30. Nd4 Qe8 31. exd5 exd5 32. Bxd5 Bc5 33. Bc6 Qd8 34. Ra4
Qb6 35. Qb5 Qxb5 36. Bxb5 Bb7+ 37. Kg1 Rd8 38. Kf2 1-0

[Event "TCh-TUR 2nd League 2011"]
[Site "Konya TUR"]
[Date "2011.07.06"]
[Round "3"]
[White "Ozyilmaz, Arif"]
[Black "Goksel, Doga Cihan"]
[Result "1/2-1/2"]
[WhiteElo "2155"]
[BlackElo "2281"]
[WhiteTeam "Tasduvar Ankara"]
[BlackTeam "Ceyhan Belediye Adana"]
[WhiteFideId "6300596"]
[BlackFideId "6301924"]
[EventDate "2011.07.04"]

1. d4 d5 2. c4 c6 3. Nf3 Nf6 4. Nc3 e6 5. Bg5 Be7 6. e3 Nbd7 7. cxd5 exd5 8. Bd3
O-O 9. O-O Re8 10. h3 Nf8 11. Ne5 N6d7 12. Bf4 Nxe5 13. Bxe5 Bd6 14. Bxd6 Qxd6
15. a3 Qh6 16. Qf3 Ng6 17. Rfe1 Nh4 18. Qg3 Bf5 19. Bxf5 Nxf5 20. Qg4 Nd6 21.
Qf3 Re6 22. Ne2 Ne4 23. Nf4 Re7 24. Qh5 Qd6 25. Rac1 Rae8 26. Rc2 Nf6 27. Qg5
Re4 28. Rec1 h6 29. Qg3 Qd7 30. b4 R4e7 31. Nd3 Qf5 32. Ne5 Ne4 33. Qf3 Qe6 34.
a4 a6 35. Rb1 Nd6 36. Rbc1 Rc7 37. Qf4 Rec8 38. Qg4 Qe7 39. Nd3 Kh7 40. Nf4 Nc4
41. b5 axb5 42. axb5 Na3 43. bxc6 bxc6 44. Ra2 Nc4 45. Rca1 Rb8 46. h4 Qe4 47.
Qg3 Rcb7 48. Nh5 Rb1+ 49. Kh2 Qg6 50. Rxb1 Rxb1 51. Qxg6+ Kxg6 52. Nf4+ Kf6 53.
Ra6 Rb6 54. Rxb6 1/2-1/2

[Event "TCh-TUR 2nd League 2011"]
[Site "Konya TUR"]
[Date "2011.07.06"]
[Round "3"]
[White "Ozkan, Ervin"]
[Black "Unver, Cumali"]
[Result "1-0"]
[WhiteElo "2219"]
[BlackElo "2016"]
[WhiteTeam "Ceyhan Belediye Adana"]
[BlackTeam "Tasduvar Ankara"]
[WhiteFideId "6306004"]
[BlackFideId "6304940"]
[EventDate "2011.07.04"]

1. d4 g6 2. Nf3 Bg7 3. Bf4 d6 4. e3 Nd7 5. Bc4 Nb6 6. Bb3 Nf6 7. O-O O-O 8. a4
a5 9. Nc3 Nfd7 10. Qe2 e5 11. Bg3 c6 12. Rfd1 Qe7 13. Bh4 Bf6 14. Bxf6 Nxf6 15.
dxe5 dxe5 16. Qd2 e4 17. Ne1 Bg4 18. Qd6 Nc8 19. Qxe7 Nxe7 20. Rd6 Kg7 21. f3
exf3 22. gxf3 Bh3 23. Rad1 Nf5 24. R6d3 Rae8 25. Kf2 h5 26. e4 Nh6 27. Kg3 Bc8
28. h4 Re5 29. Rd8 Ree8 30. R8d6 Re5 31. Nd3 Ree8 32. Nf4 Re7 33. Kf2 Rd7 34.
Rxd7 Nxd7 35. Rd6 Ng8 36. Nd1 Ngf6 37. Ne3 Ne5 38. Nd3 Nfd7 39. f4 Nxd3+ 40.
cxd3 Nb6 41. d4 Bh3 42. e5 f6 43. Kg3 Bc8 44. Bc2 f5 45. Bb3 Re8 46. d5 Nxd5 47.
Bxd5 cxd5 48. Rxd5 b6 49. Rb5 Re6 50. Nd5 Bb7 51. Nxb6 Ba6 52. Rb3 Rc6 53. Nd5
Bc4 54. Rb7+ Kf8 55. Nc3 Ba6 56. Ra7 Rb6 57. Kf3 Bb7+ 58. Ke3 Rxb2 59. Nb5 Be4
60. e6 Bc6 61. e7+ Kg8 62. Nd6 Rb3+ 63. Kd4 Bxa4 64. Rxa5 Bd7 65. Ra7 Bc6 66.
Rc7 Ba4 67. e8=Q+ Bxe8 68. Nxe8 Rh3 69. Nf6+ Kf8 70. Kd5 Rd3+ 71. Ke6 Re3+ 72.
Kd6 Rd3+ 73. Nd5 Rd4 74. Ke6 Re4+ 75. Kf6 1-0

[Event "TCh-TUR 2nd League 2011"]
[Site "Konya TUR"]
[Date "2011.07.06"]
[Round "3"]
[White "Batsiashvili, Nino"]
[Black "Gara, Anita"]
[Result "1/2-1/2"]
[WhiteTitle "WGM"]
[BlackTitle "IM"]
[WhiteElo "2381"]
[BlackElo "2369"]
[WhiteTeam "Ceyhan Belediye Adana"]
[BlackTeam "Tasduvar Ankara"]
[WhiteFideId "13602993"]
[BlackFideId "709751"]
[EventDate "2011.07.04"]

1. d4 d6 2. Nf3 g6 3. c4 Bg7 4. Nc3 Bg4 5. e3 Nf6 6. Be2 O-O 7. O-O Re8 8. e4 e5
9. d5 a5 10. Ne1 Bd7 11. Nd3 Na6 12. Be3 b6 13. b3 Nc5 14. Nxc5 bxc5 15. a3 Rf8
16. Rb1 Rb8 17. Qe1 Ne8 18. Nb5 f5 19. exf5 gxf5 20. f4 e4 21. Qd2 Ra8 22. Rfc1
Kh8 23. b4 Bxb5 24. cxb5 cxb4 25. axb4 a4 26. Rc6 a3 27. Bc4 Rf7 28. b6 cxb6 29.
Bxb6 Qf6 30. Ba2 Rb7 31. Be3 Rab8 32. Qc1 Qh4 33. Qxa3 Rxb4 34. Qc1 Rxb1 35.
Bxb1 h6 36. Ba2 Kh7 37. Bc4 Rb2 38. Bf1 Rb3 39. Bc4 Rc3 40. Qd2 Ra3 41. Bf1 Nf6
42. Rc7 Ng4 43. g3 Qf6 1/2-1/2

[Event "TCh-TUR 2nd League 2011"]
[Site "Konya TUR"]
[Date "2011.07.06"]
[Round "3"]
[White "Karagollu, Ahmet"]
[Black "Tasdelen, Deniz Murat"]
[Result "0-1"]
[WhiteElo "1980"]
[BlackElo "2069"]
[WhiteTeam "Tasduvar Ankara"]
[BlackTeam "Ceyhan Belediye Adana"]
[WhiteFideId "6307825"]
[BlackFideId "6305946"]
[EventDate "2011.07.04"]

1. e4 c5 2. Nf3 d6 3. d4 cxd4 4. Qxd4 Nc6 5. Bb5 Bd7 6. Bxc6 Bxc6 7. Nc3 Nf6 8.
Bg5 e6 9. O-O-O Be7 10. Rhe1 O-O 11. Kb1 Qa5 12. Qd2 Qa6 13. Nd4 Rfc8 14. f4 b5
15. e5 dxe5 16. Nxc6 Qxc6 17. fxe5 Nd5 18. Nxd5 Bxg5 19. Qxg5 Qxc2+ 20. Ka1 exd5
21. Rxd5 b4 22. e6 fxe6 23. Rd7 Qg6 24. Qxg6 hxg6 25. Kb1 Rc6 26. Rd4 a5 27.
Rde4 Kf7 28. Rf4+ Ke7 29. Rg4 Rd8 30. Rxg6 Kf7 31. Rg5 Rd2 32. Rf1+ Kg8 33. Rc1
Rcd6 34. Rc7 Rd1+ 35. Kc2 a4 36. Rcxg7+ Kf8 37. Rg8+ Ke7 38. R5g7+ Kf6 39. Rg6+
Kf5 40. Rg5+ Ke4 41. Rg4+ Ke3 42. Rxb4 R6d2+ 0-1

[Event "TCh-TUR 2nd League 2011"]
[Site "Konya TUR"]
[Date "2011.07.06"]
[Round "3"]
[White "Serin, Sarper"]
[Black "Akinci, Muzaffer Ege"]
[Result "1-0"]
[WhiteElo "1745"]
[BlackElo "1886"]
[WhiteTeam "Ceyhan Belediye Adana"]
[BlackTeam "Tasduvar Ankara"]
[WhiteFideId "6311709"]
[BlackFideId "6308961"]
[EventDate "2011.07.04"]

1. d4 Nf6 2. Nc3 d6 3. e4 g6 4. f4 Bg7 5. e5 Nfd7 6. Bc4 O-O 7. Nf3 c5 8. exd6
cxd4 9. Ne2 Nb6 10. dxe7 Qxe7 11. Bd3 Nc6 12. O-O Nd5 13. a3 Ne3 14. Bxe3 Qxe3+
15. Kh1 Be6 16. Nd2 Bd5 17. Nc4 Qh3 18. Rf2 Bf6 19. f5 Qh4 20. Kg1 b5 21. Nd2
Bg5 22. Nf3 Bxf3 23. Rxf3 Be3+ 24. Kh1 Ne5 25. Rh3 Qg5 26. Rg3 Ng4 27. Qf1 Qh4
28. h3 Nf2+ 29. Kh2 Rac8 30. Bxb5 Rxc2 31. b3 Kh8 32. Qe1 Rc5 33. Qb4 Rcc8 34.
Rf1 Qf6 35. Bd7 Rb8 36. Qc5 Ne4 37. fxg6 Qxf1 38. Qe5+ Kg8 39. gxh7+ 1-0

[Event "TCh-TUR 2nd League 2011"]
[Site "Konya TUR"]
[Date "2011.07.06"]
[Round "3"]
[White "Melkumyan, Hrant"]
[Black "Zhigalko, Sergei"]
[Result "1/2-1/2"]
[WhiteTitle "GM"]
[BlackTitle "GM"]
[WhiteElo "2600"]
[BlackElo "2689"]
[WhiteTeam "Sisli Istanbul"]
[BlackTeam "Kahramanmaras Belediye"]
[WhiteFideId "13302485"]
[BlackFideId "13502956"]
[EventDate "2011.07.04"]

1. d4 d5 2. c4 e6 3. Nc3 c6 4. e3 Bd6 5. Bd3 f5 6. Nge2 Nf6 7. f3 O-O 8. Qc2 Kh8
9. Bd2 dxc4 10. Bxc4 Qe7 11. O-O Nbd7 12. Bb3 b5 13. Nf4 Nb6 14. Nce2 c5 15.
dxc5 Bxc5 16. Bxe6 Bxe6 17. Nxe6 Bxe3+ 18. Bxe3 Qxe6 19. Bf2 Nfd5 20. Nd4 Qd7
21. Rfe1 f4 22. Rad1 Rfe8 23. Qc6 Rxe1+ 24. Rxe1 b4 25. Qxd7 Nxd7 26. Ne6 N7f6
27. Bd4 Kg8 28. Kf2 Kf7 29. Nc5 a5 30. Nd3 Rc8 31. Rc1 Rxc1 32. Nxc1 Nd7 33. Ke2
g5 34. Kd3 Ke6 35. Kc4 h5 36. Nd3 Kd6 37. Kb5 Ne3 38. Ne1 Kd5 39. Ba7 Ne5 40. b3
Nc6 41. Bb6 Nd1 42. Bxa5 Nc3+ 43. Kb6 Nxa2 44. Nd3 Kd4 45. Kxc6 Kxd3 46. Kd5 Ke2
47. Bd8 g4 48. Ke4 gxf3 49. gxf3 Nc1 50. Be7 Nxb3 51. Bxb4 h4 52. h3 Nd4 53.
Kxf4 Nxf3 54. Bc5 Ne5 55. Bd6 Nc4 56. Bc5 Ne5 57. Bd4 Nf3 58. Bb6 Ne5 59. Ke4
Nd3 60. Be3 Nf2+ 61. Bxf2 Kxf2 62. Kf4 Ke2 63. Ke4 1/2-1/2

[Event "TCh-TUR 2nd League 2011"]
[Site "Konya TUR"]
[Date "2011.07.06"]
[Round "3"]
[White "Isik, Engin Yasar"]
[Black "Asaturoglu, Rupen"]
[Result "1/2-1/2"]
[WhiteElo "2215"]
[BlackElo "2223"]
[WhiteTeam "Kahramanmaras Belediye"]
[BlackTeam "Sisli Istanbul"]
[WhiteFideId "6301886"]
[BlackFideId "6300154"]
[EventDate "2011.07.04"]

1. e4 c5 2. c3 d5 3. exd5 Qxd5 4. d4 Nf6 5. Nf3 Bg4 6. Be2 e6 7. h3 Bh5 8. Na3
cxd4 9. Nb5 Qd8 10. Qa4 Nbd7 11. Bf4 Nd5 12. Bg3 a6 13. Nbxd4 Be7 14. Rd1 O-O
15. Ne5 Bxe2 16. Nxe2 Nxe5 17. Bxe5 Bf6 18. Qd4 Bxe5 19. Qxe5 Qb6 20. O-O Qxb2
21. Rd3 Ne7 22. Nf4 Ng6 23. Nxg6 hxg6 24. Rfd1 Rac8 25. h4 Qa3 26. Rg3 Rc5 27.
Qd6 Qa4 28. Rdd3 Rf5 29. Qe7 Qxa2 30. Rdf3 b5 31. Rxf5 Qb1+ 32. Kh2 Qxf5 33. Rf3
Qd5 34. Qa7 Qd6+ 35. g3 e5 36. Re3 Re8 37. Re4 Rc8 38. Re3 Re8 39. Re4 f5 40.
Re2 e4 41. Ra2 Re6 42. Qe3 Qb6 43. Qg5 e3 44. fxe3 Qxe3 45. Qxe3 Rxe3 46. Rxa6
Rxc3 47. Rb6 Rb3 48. Rxg6 Kf7 49. Rb6 g6 50. Rb7+ Kf6 51. Rb6+ Kg7 52. Rb7+ Kh6
53. Rb8 b4 54. Rb7 Rb1 55. Kg2 Rb3 56. Kf2 Kh5 57. Rb6 g5 58. hxg5 Kxg5 59. Rb8
Rb2+ 60. Kf3 Rb3+ 61. Kf2 Kf6 62. Rb5 Ke6 63. Ke2 Rb1 64. Kd2 b3 65. Kc3 Kf6 66.
Rb8 b2 67. Kc2 Rg1 68. Kxb2 Rxg3 69. Kc2 Re3 70. Kd2 Re4 71. Rg8 f4 72. Rg2 Kf5
73. Re2 f3 74. Re3 f2 75. Rf3+ Rf4 76. Rxf4+ Kxf4 77. Ke2 Ke5 78. Kd2 1/2-1/2

[Event "TCh-TUR 2nd League 2011"]
[Site "Konya TUR"]
[Date "2011.07.06"]
[Round "3"]
[White "Garabetyan, Arno"]
[Black "Ozturk, Emir"]
[Result "0-1"]
[WhiteElo "2066"]
[BlackElo "2190"]
[WhiteTeam "Sisli Istanbul"]
[BlackTeam "Kahramanmaras Belediye"]
[WhiteFideId "6301487"]
[BlackFideId "6302408"]
[EventDate "2011.07.04"]

1. d4 d5 2. c4 c6 3. Nf3 Nf6 4. Nc3 a6 5. a4 e6 6. Bg5 Be7 7. e3 h6 8. Bh4 O-O
9. Be2 dxc4 10. Bxc4 c5 11. Qe2 Nc6 12. dxc5 Qa5 13. O-O Qxc5 14. e4 e5 15. Bxf6
Bxf6 16. Nd5 Bd8 17. h3 Be6 18. Rfc1 Qa7 19. b4 Bxd5 20. exd5 Nxb4 21. Rab1 a5
22. Qxe5 Bf6 23. Qf5 Qb6 24. Ne5 Bxe5 25. Qxe5 Rad8 26. Rd1 Rfe8 27. Qf4 Rd6 28.
Rb2 Rc8 29. Rbd2 Qc5 30. Rd4 Rcd8 31. Qd2 Qc7 32. Rg4 Qd7 33. Qb2 f5 34. Rg3 Kh8
35. h4 Rf6 36. Bb3 f4 37. Rh3 Qg4 38. Qd4 Rg6 39. Qe4 Qxh3 40. Rc1 0-1

[Event "TCh-TUR 2nd League 2011"]
[Site "Konya TUR"]
[Date "2011.07.06"]
[Round "3"]
[White "Yalim, Suleyman"]
[Black "Okur, Kadir"]
[Result "1-0"]
[WhiteElo "2129"]
[BlackElo "1943"]
[WhiteTeam "Kahramanmaras Belediye"]
[BlackTeam "Sisli Istanbul"]
[WhiteFideId "6301665"]
[BlackFideId "6318215"]
[EventDate "2011.07.04"]

1. e4 d5 2. exd5 Qxd5 3. Nc3 Qa5 4. d4 Nf6 5. Bc4 Nc6 6. a3 e5 7. dxe5 Qxe5+ 8.
Qe2 Bd6 9. Bf4 Qxe2+ 10. Ngxe2 Bxf4 11. Nxf4 O-O 12. O-O-O Ne5 13. Bb3 Bg4 14.
f3 Bc8 15. Rhe1 Ng6 16. Nfd5 c6 17. Ne7+ Nxe7 18. Rxe7 g6 19. g4 Kg7 20. Rde1 h5
21. h3 hxg4 22. fxg4 g5 23. Rf1 Kg6 24. Bc4 b5 25. Bd3+ Kg7 26. Re5 Nh7 27. Bxh7
Kxh7 28. Rxg5 f6 29. Ne4 fxg5 30. Rxf8 Kg7 31. Rd8 1-0

[Event "TCh-TUR 2nd League 2011"]
[Site "Konya TUR"]
[Date "2011.07.06"]
[Round "3"]
[White "Mkrtchian, Lilit"]
[Black "Savina, Anastasia"]
[Result "1-0"]
[WhiteTitle "IM"]
[BlackTitle "WGM"]
[WhiteElo "2463"]
[BlackElo "2398"]
[WhiteTeam "Sisli Istanbul"]
[BlackTeam "Kahramanmaras Belediye"]
[WhiteFideId "13300601"]
[BlackFideId "4196872"]
[EventDate "2011.07.04"]

1. Nf3 Nf6 2. c4 e6 3. g3 d5 4. b3 d4 5. e3 c5 6. Bg2 Nc6 7. O-O e5 8. exd4 exd4
9. d3 Be7 10. Bf4 O-O 11. Ne5 Nxe5 12. Bxe5 Bd6 13. Bxf6 Qxf6 14. Nd2 Qd8 15.
Ne4 Be7 16. f4 g6 17. Nd2 Rb8 18. Bd5 b6 19. Qf3 Qc7 20. Rae1 Bh3 21. Rf2 Rfe8
22. Rfe2 h5 23. Re5 Kf8 24. Qe4 Bg4 25. Nf3 Bxf3 26. Qxf3 Bd6 27. R5e4 Rxe4 28.
dxe4 Re8 29. e5 Qc8 30. Qe4 Bb8 31. e6 f5 32. e7+ Kg7 33. Qe6 Qxe6 34. Rxe6 Kf7
35. Rxb6+ Kxe7 36. Rxg6 d3 37. Kf2 Kd8 38. Re6 Re7 39. Ke3 Kd7 40. Rxe7+ Kxe7
41. Kxd3 h4 42. Ke3 hxg3 43. hxg3 Bd6 44. Bb7 a5 45. Bc8 Kf6 46. g4 fxg4 47.
Bxg4 Bf8 48. Ke4 Bd6 49. f5 Be5 50. Kd5 Bd4 51. Kc6 Kg5 52. Bh3 Kh4 53. Bf1 Kg4
54. Bd3 Kf4 55. Kb5 Ke3 56. Bb1 Kd2 57. Kxa5 Kc1 58. Be4 Kb2 59. a4 1-0

[Event "TCh-TUR 2nd League 2011"]
[Site "Konya TUR"]
[Date "2011.07.06"]
[Round "3"]
[White "Metin, Oguz"]
[Black "Zeydan, Salih"]
[Result "1-0"]
[WhiteElo "2002"]
[BlackElo "1926"]
[WhiteTeam "Kahramanmaras Belediye"]
[BlackTeam "Sisli Istanbul"]
[WhiteFideId "6307850"]
[BlackFideId "6361722"]
[EventDate "2011.07.04"]

1. e4 c5 2. Nf3 e6 3. d4 cxd4 4. Nxd4 Nc6 5. Nxc6 bxc6 6. c4 Nf6 7. Nc3 Qc7 8.
Be3 e5 9. Be2 Be7 10. O-O d6 11. Rc1 a5 12. h3 O-O 13. Qc2 Rd8 14. Rfd1 Ba6 15.
a3 Qb7 16. Rb1 d5 17. exd5 cxd5 18. cxd5 Bxe2 19. Qxe2 Rd7 20. Bg5 h6 21. Bxf6
Bxf6 22. Qg4 Rad8 23. Ne4 Qb6 24. d6 Kf8 25. Qf5 Kg8 26. Rd3 Rxd6 27. Nxd6 Rxd6
28. Rxd6 Qxd6 29. Rc1 g6 30. Qc8+ Kg7 31. Qc5 Qd2 32. b4 axb4 33. axb4 e4 34.
Rc4 Qe1+ 35. Kh2 h5 36. Qe3 Be5+ 37. g3 Qf1 38. Rxe4 Bf6 39. Qe2 Qb1 40. h4 Qb3
41. Kg2 Qd5 42. Qf3 Bc3 43. Qxc3+ 1-0

[Event "TCh-TUR 2nd League 2011"]
[Site "Konya TUR"]
[Date "2011.07.06"]
[Round "3"]
[White "Caglar, Ahmet Ata"]
[Black "Toksoz, Levent"]
[Result "1/2-1/2"]
[WhiteElo "1673"]
[BlackElo "1877"]
[WhiteTeam "Sisli Istanbul"]
[BlackTeam "Kahramanmaras Belediye"]
[WhiteFideId "6328636"]
[BlackFideId "6313213"]
[EventDate "2011.07.04"]

1. d4 Nf6 2. c4 g6 3. Nc3 Bg7 4. e4 d6 5. Nf3 O-O 6. Be2 e5 7. O-O Nc6 8. d5 Ne7
9. Ne1 Ne8 10. Be3 f5 11. f3 Nf6 12. Rc1 f4 13. Bf2 g5 14. c5 a6 15. cxd6 cxd6
16. Qb3 Nd7 17. Nd3 Rf6 18. Rc2 Rh6 19. Rfc1 Qe8 20. Bf1 Nf8 21. Na4 Nd7 22. Rc7
b5 23. Nb6 Nxb6 24. Bxb6 g4 25. fxg4 Bxg4 26. Nf2 Bd7 27. R1c3 Nc8 28. Ba5 Bf6
29. Qc2 Ne7 30. Rb7 Bc8 31. Rbc7 Bd7 32. Rb7 Bc8 33. Rbc7 Bd7 34. Rb7 Bc8 35.
Rbc7 1/2-1/2

[Event "TCh-TUR 2nd League 2011"]
[Site "Konya TUR"]
[Date "2011.07.06"]
[Round "3"]
[White "Kovchan, Alexander"]
[Black "Annaberdiev, Meilis"]
[Result "1-0"]
[WhiteTitle "GM"]
[BlackTitle "IM"]
[WhiteElo "2554"]
[BlackElo "2459"]
[WhiteTeam "Moda Istanbul"]
[BlackTeam "Akdeniz Belediyesi Mersin"]
[WhiteFideId "14103052"]
[BlackFideId "14000563"]
[EventDate "2011.07.04"]

1. e4 e5 2. Nf3 Nc6 3. d4 exd4 4. Nxd4 Bc5 5. Nxc6 bxc6 6. Bd3 Qh4 7. Qe2 Nf6 8.
h3 O-O 9. g3 Qh5 10. g4 Qh4 11. Nd2 Ne8 12. Nf3 Qe7 13. Bd2 Rb8 14. b3 d6 15.
Bc3 Bb4 16. Bxb4 Rxb4 17. e5 c5 18. exd6 Qf6 19. d7 Bxd7 20. Ne5 Nd6 21. O-O Bc8
22. c4 Re8 23. Rae1 Bb7 24. Qe3 Qh4 25. Qg3 Qd8 26. g5 Rb6 27. Re3 Bc8 28. Qf4
f6 29. gxf6 Qxf6 30. Qxf6 gxf6 31. Ng4 Bxg4 32. Rxe8+ Nxe8 33. hxg4 Rd6 34. Re1
Ng7 35. Re3 h5 36. gxh5 Nxh5 37. Rf3 Kf7 38. Be4 Rd1+ 39. Kg2 Rd4 40. Re3 Rd2
41. Bd5+ Kf8 42. Rf3 Rd4 43. Rf5 Nf4+ 44. Kf3 Nxd5 45. Rxd5 Rxd5 46. cxd5 Ke7
47. Kf4 a5 48. a4 Kd6 49. Ke4 f5+ 50. Kxf5 Kxd5 51. f4 c4 52. bxc4+ Kxc4 53. Ke4
c5 54. f5 Kb3 55. f6 c4 56. f7 c3 57. f8=Q c2 58. Qc5 Kb2 59. Kd3 c1=Q 60. Qxc1+
Kxc1 61. Ke4 1-0

[Event "TCh-TUR 2nd League 2011"]
[Site "Konya TUR"]
[Date "2011.07.06"]
[Round "3"]
[White "Dogan, Nazmi Can"]
[Black "Arman, Deniz"]
[Result "1/2-1/2"]
[BlackTitle "FM"]
[WhiteElo "2093"]
[BlackElo "2310"]
[WhiteTeam "Akdeniz Belediyesi Mersin"]
[BlackTeam "Moda Istanbul"]
[WhiteFideId "6309658"]
[BlackFideId "6302106"]
[EventDate "2011.07.04"]

1. c4 Nf6 2. Nf3 c5 3. g3 Nc6 4. Bg2 d5 5. cxd5 Nxd5 6. O-O Nc7 7. Nc3 g6 8. d3
Bg7 9. Be3 Ne6 10. Qd2 O-O 11. Bh6 Bxh6 12. Qxh6 f6 13. Nh4 Ng7 14. Be4 f5 15.
Nf3 Ne6 16. Bd5 Kh8 17. h4 Ncd4 18. Ne5 Qe8 19. e3 Rf6 20. Bxe6 Nxe6 21. Nd5 Kg8
22. Nxf6+ exf6 23. Nf3 b6 24. h5 Bb7 25. Nh4 Nf8 26. e4 Rd8 27. hxg6 hxg6 28.
exf5 Qc6 29. f3 Qd6 30. Kg2 Qxd3 31. Rf2 g5 32. Ng6 g4 33. Nh4 gxf3+ 34. Nxf3
Qxf5 35. Qf4 Qxf4 36. gxf4 Ne6 37. Kg3 Rd3 38. Kg4 Kf7 39. f5 Ng7 40. Nh4 Rd4+
41. Rf4 Rd2 42. b4 Ba6 43. bxc5 Be2+ 44. Nf3 bxc5 45. Kh4 Rd5 46. Re1 Nxf5+ 47.
Kh3 Bxf3 48. Rxf3 c4 49. Ra3 a5 50. Kg4 Rc5 51. Rc3 Nd6 52. a4 Rd5 53. Kf4 Rd4+
54. Kf3 Rh4 55. Rcc1 Rh3+ 56. Kf4 c3 57. Re3 Rh4+ 58. Kf3 Rxa4 59. Rcxc3 Nc4 60.
Re2 Ne5+ 61. Ke3 Ke6 62. Rb3 f5 63. Kf2 Kd6 64. Rb5 Rf4+ 65. Kg3 Rg4+ 66. Kf2
Nd3+ 67. Ke3 Rg3+ 68. Kd4 Nf4 69. Rd2 Ne6+ 70. Kc4+ Kc6 71. Rxa5 Rg4+ 72. Kd3
Nc5+ 73. Rxc5+ Kxc5 74. Ke3 Re4+ 75. Kf3 Ra4 76. Rd1 Rb4 77. Rd2 1/2-1/2

[Event "TCh-TUR 2nd League 2011"]
[Site "Konya TUR"]
[Date "2011.07.06"]
[Round "3"]
[White "Gurel, Ahmet Unal"]
[Black "Camci, Ali Ammar"]
[Result "1-0"]
[WhiteElo "2019"]
[BlackElo "1962"]
[WhiteTeam "Akdeniz Belediyesi Mersin"]
[BlackTeam "Moda Istanbul"]
[WhiteFideId "6307400"]
[BlackFideId "6305130"]
[EventDate "2011.07.04"]

1. Nf3 e6 2. c4 b6 3. e3 Bb7 4. b3 f5 5. Bb2 Nf6 6. Be2 Be7 7. O-O O-O 8. Nc3
Ne4 9. Rc1 Bf6 10. d3 Nxc3 11. Bxc3 d6 12. Nd4 Qd7 13. Bf3 d5 14. cxd5 exd5 15.
b4 Nc6 16. Qa4 Rad8 17. b5 Nxd4 18. Bxd4 a6 19. Bxf6 Rxf6 20. Qf4 c5 21. bxc6
Bxc6 22. Rc3 Qd6 23. Qd4 Be8 24. g3 Bf7 25. Rfc1 h6 26. h4 g5 27. hxg5 hxg5 28.
Rc7 Kg7 29. R1c6 Kg6 30. Rxd6 Rdxd6 31. g4 fxg4 32. Bxg4 b5 33. Qe5 Kh6 34. Rxf7
Rxf7 35. Qxd6+ Kg7 36. Bh5 Ra7 37. Qg6+ Kf8 38. Qf6+ Kg8 39. Qxg5+ Kh7 40. Bg6+
Kh8 41. Qf6+ Kg8 42. Bf5 b4 43. Be6+ Kh7 44. Bf7 Rxf7 45. Qxf7+ Kh6 46. f4 a5
47. Kg2 a4 48. Kg3 b3 49. f5 1-0

[Event "TCh-TUR 2nd League 2011"]
[Site "Konya TUR"]
[Date "2011.07.06"]
[Round "3"]
[White "Yaran, Siar"]
[Black "Okay, Ilkin Ege"]
[Result "0-1"]
[WhiteElo "1746"]
[BlackElo "1977"]
[WhiteTeam "Moda Istanbul"]
[BlackTeam "Akdeniz Belediyesi Mersin"]
[WhiteFideId "6323006"]
[BlackFideId "6310117"]
[EventDate "2011.07.04"]

1. f4 d5 2. b3 Nf6 3. Bb2 g6 4. Nf3 Bg7 5. e3 O-O 6. Be2 c5 7. O-O Nc6 8. h3 Qc7
9. d3 d4 10. exd4 Nd5 11. Qc1 Nxf4 12. Qe1 cxd4 13. Nbd2 Nb4 14. Qf2 Qxc2 15.
Ba3 Nbxd3 16. Bxd3 Qxd3 17. Kh1 Nd5 18. Rfe1 Ne3 19. Bxe7 Re8 20. Bh4 Bf5 21.
Rac1 Nc2 22. Rxe8+ Rxe8 23. Nc4 Bh6 24. Rf1 Be3 25. Nxe3 dxe3 26. Qg1 e2 27. Rc1
Be4 28. Ng5 Bd5 29. Kh2 h6 30. Nf3 Bxf3 31. gxf3 e1=Q 32. Bxe1 Nxe1 33. Rxe1
Qd2+ 34. Kg3 Rxe1 35. Qf2 Re2 36. Qxe2 Qxe2 37. h4 f5 38. h5 g5 39. f4 g4 40. a4
Qf1 41. Kh2 Qf2+ 42. Kh1 g3 0-1